Medicina alternativa : avances contra el cáncer /

Programa en que se abordan los resultados positivos que se han obtenido con la medicina alternativa en el tratamiento de cáncer, de problemas cardíacos y en la búsqueda de la juventud.

Guardat en:
Dades bibliogràfiques
Autor principal: Birman, Daniel H. (prod.)
Altres autors: Callahan, Peggy (guión) (guión), Meyers, Jim (fotógrafo) (fotógrafo), Meyers, Christian (fotógrafo) (fotógrafo), Rayzor, Jack (fotógrafo) (fotógrafo)
Format: Diapositiva
Idioma:espanyol
Col·lecció:(Discovery Health)
Matèries:
Etiquetes: Afegir etiqueta
Sense etiquetes, Sigues el primer a etiquetar aquest registre!

MARC

LEADER 00000ngm^a2200000^a^4500
001 000137521
005 20250521000000.0
009 20260310095357.66
037 |a Acervo ITESO - Biblioteca 
041 |a ESP 
082 |a 615. 5  |b MED V. 2 
100 |a Birman, Daniel H.  |e (prod.) 
240 1 1 |a [Medicina alternativa] 
245 1 0 |a Medicina alternativa :  |b avances contra el cáncer /  |c Prod. de D.H. Birman. 
264 |a EUA :  |b Daniel H. Birman :  |b Discovery Channel ;  |a México :  |b Alter Films [dist.],  |c 1999 
300 |a 1 videocasete VHS  |c (49 min.) 
336 |a imagen móvil bidimensional  |b tdi  |2 rdacontenido 
337 |a video  |b v  |2 rdamedio 
338 |a videocasete  |b vf  |2 rdasoporte 
440 1 |a (Discovery Health) 
500 |a Traducción de: Alternatives Uncovered: Episode 2 
520 |a Programa en que se abordan los resultados positivos que se han obtenido con la medicina alternativa en el tratamiento de cáncer, de problemas cardíacos y en la búsqueda de la juventud. 
546 |a Doblaje al español 
649 |a XX 
650 |a Cáncer 
650 |a Tumores 
650 |a Oncología 
650 |a Corazón -  |x Enfermedades 
650 |a Cardiología 
650 |a Investigación Médica 
650 |a Medicina -  |x Equipo y Aparatos 
650 |a Medicina Alternativa 
650 |a Medicina Experimental 
700 |a Callahan, Peggy  |e (guión) 
700 |a Meyers, Jim  |e (fotógrafo) 
700 |a Meyers, Christian  |e (fotógrafo) 
700 |a Rayzor, Jack  |e (fotógrafo) 
910 |a Fondo General 
920 |a Audiovisuales - Videocasetes 
905 |a 301 
901 |a 0500055516  |b IT2  |c VIS  |u 20250521 
902 |a https://opac.biblio.iteso.mx/vufind/Record/000137521